000 00959nam a2200337 a 4500
003 AR-BaBNM
005 20251128210147.0
008 082120s2002 ||||||||||||||000 | spa||
020 _a84-316-1985-6
040 _cAR-BaBNM
100 1 _aVicens Vives, Jaime
245 0 0 _aHistoria general moderna
_bdel renacimiento a la crisis del siglo XX. 2
260 _aBarcelona
_bVicens Vives
_c1997
300 _axxii, 738 p.
504 _aBibliografĂ­a para consultar al final de cada capĂ­tulo
650 4 _aLIBERALISMO
650 4 _aDEMOCRACIA
650 4 _aPRIMERA GUERRA MUNDIAL
650 4 _aSEGUNDA GUERRA MUNDIAL
650 4 _aIMPERIALISMO
650 4 _aSIGLO DIECINUEVE
650 4 _aIDEOLOGIAS
651 4 _aOriente
653 _aREVOLUCION FRANCESA
653 _aINDEPENDENCIA DE LOS ESTADOS UNIDOS
653 _aENCICLOPEDISMO
653 _aILUMINISMO
700 1 _aVicens, Albert
_edirector
942 _cBK
998 _cMariana
999 _c14313
_d14313